Stochastic analysis

Saved in:
Bibliographic Details
Main Author: Shigekawa, Ichiro 1953-
Format: Book
Language:English
Published: Providence, Rhode Island : American Mathematical Society, c2004
Series:Translations of mathematical monographs ; ; 224
Subjects:
Tags: Add Tag
No Tags, Be the first to tag this record!

MARC

LEADER 00000nam a2200000 i 4500
001 1/73145
008 050310s2004 eng d
020 |a 0-8218-2626-3 
035 |l 10077013 
040 |a GR-MY-UA  |b gre  |e aacr 
041 0 |a eng 
082 0 |a 519.22  |2 (21) 
100 1 |a Shigekawa, Ichiro  |d 1953- 
245 1 0 |a Stochastic analysis /  |c Ichiro Shigekawa ; translated by Ichiro Shigekawa 
260 |a Providence, Rhode Island :   |b American Mathematical Society,   |c c2004 
300 |a xii, 182 σ.;  |b εικ.;  |c 22 εκ. 
490 1 |a Translations of mathematical monographs  |v ; 224 
504 |a Περιλαμβάνει βιβλιογραφία και ευρετήριο 
650 0 0 |a Stochastic analysis. 
830 0 |a Translations of mathematical monographs ;  |v ; 224 
852 |a INST  |b CHIOS  |e 20050310  |h 519.22 SHI  |p 005200022470  |q 005200022470  |t BK  |y 0 
901 |a BIBL2-2005-1 
909 |a Χ  |b 112469 
920 |a ΔΙΕΥΡΥΝΣΗ  |b ΕΠΕΑΕΚ-ΤΜΟΔ  |y ΧΙΟΣ  |z 2004-12 
970 |a ΣΠΕΝΤΖΑ  |b ΕΛΕΝΗ  |z 2005/03/10